000 00748nam a2200241Ia 4500
003 OSt
005 20220923223559.0
006 a|||||r|||| 00| 0
007 ta
008 Pun
024 _a218,942
037 _cTextual
040 _aARTS
_cARTS
_bPun
041 _2Pun
_aPun
082 _aO153,1N37x, N3
100 _aਅਮ੍ਰਿਤਾ ਪ੍ਰੀਤਮ, ਥਦ.
245 0 _aFਿਵਕੁਮਾਰ
_b ਬਿਰਹਾ ਦਾ ਸੁਲਤਾਨ
260 _aਦਿੱਲੀ
_b ਸਾਹਿਤ ਅਕਾਦਮੀ
_c1993
300 _a179ਪੰ
_ccm.
650 _aਪੰਜਾਬੀ ਸਾਹਿਤ
942 _hO153,1N37x, N3
_cTEXL
_2CC
999 _c366276
_d366276